000 01077nam0a2200313 4500
001 RU\NLR\bibl\922094
005 20260409070353.0
010 _a5-699-13985-0
_93000
021 _aRU
_b2006-7870
_9378
035 _a(NLR Aleph) 000910369
090 _a36025
_c36025
100 _a20060327d2005 |||y0rusy50 ca
101 0 _arus
102 _aRU
105 _aa |||||||||
200 1 _aИнтернет
_eпросто как 2х2
_e[для начинающих пользователей]
_fВ.А. Аксак
210 _aМосква
_cЭксмо
_d2005
215 _a245 с.
_cил.
_d20
225 1 _aПросто как дважды два
320 _aПредм. указ.: с. 237-245
606 _aINTERNET, глобальная информационная сеть
_3RU\NLR\auth\66234270
_91323271
686 _aЗ988.02
700 1 _aАксак
_bВ. А.
_gВалерий Александрович
_4070
801 0 _aRU
_bNLR
_c20060327
_grcr
801 1 _aRU
_bNLR
_c20060327
830 _aавт. по кн.
942 _cBOOK
980 _aNB